000 00989nam a22003257a 4500
003 CHAP
005 20220329133000.0
008 971013s1990 r 00010 d
010 _a919
011 _a1891
035 _a1076
040 _cCHAP
090 _aTesis
100 0 0 _aGijón Gómez, Joel.
_947915
245 _aCaracterización agronómica de leguminosas forrajeras
260 _aChapingo, Méx. :
_bEl autor,
_c1990
300 _a475 p.
500 _a39-154
502 _aTesis (Ing. Agr. Esp. en Zootecnia) -- UACH. Departamento de Zootecnia
590 _aALEPH
_b10
_c20130110
_lUCH01
_h1206
590 _aBATCH-UPD
_b10
_c20130110
_lUCH01
_h1240
590 _aBATCH-UPD
_b10
_c20130410
_lUCH01
_h0806
590 _aBATCH-UPD
_b10
_c20130914
_lUCH01
_h1720
590 _aCONVERSION
_b10
_c20130109
_lUCH01
_h1302
650 1 4 _aLeguminosas.
_965807
650 1 4 _aPlantas forrajeras.
_988943
901 _aBK
942 _cTESIS
949 _bBC
_cTES
_d-10540
_eTS1
_h23208
_i1076
_si
999 _c919
_d919